1731 1951 1914 1835 1956 1373 1459 1531 1037 1554 1902 1984 1289 1421 1364 1118 1192 1356 1268 1615 1643 1569 1982 1557 1366 1186 1562 1360 1205 1001 1643 1664 1189 1941 1212 1681 1543 1957 1350 1544 1626 1985 1900 1039 1125 1674 1161 1604 1359 1809 1099 1426 1740 1167 1897 1807 1441 1710 1136 1445 1790 1030 1458 1302 1178 1388 1601 1922 1196 1431 1800 1616 1029 1581 1074 1427 1145 1815 1091 1420 1228 1549 1622 1169 1559 1912 1838 1600 1853 1032 1207 1791 1917 1957 1724 1278 1184 1781 1297 BCNSPRNW ULIB Ver.6.0+V

เปลี่ยนเป็นภาษาไทย

Change to English
 แสดงรายละเอียดบรรณานุกรม
  กลับหน้าหลัก

Brief Record : Get Marc (ISO 2709) : E-mail record : QR code < ปิดหน้าต่าง
LEADER : 00000nam 2200000uu 4500
001    13399126469
003     ULIB
008    180918s2560||||th 000 0 tha d
020    ^a9786160437818
050 ^a ^aLC94.T5 ^bย626ฝ
100 ^a ^aยะมะซะกิ, อะกะชิ
245 ^a ^aฝึกบริหารจัดการตนเอง / ^cAkashi Yamazaki, เขียน ; อังคณา รัตนจันทร์, แปล
250 ^a ^aพิมพ์ครั้งที่ 1
260 ^a ^aกรุงเทพฯ : ^bนานมีบุ๊คส์, ^c2560
300 ^a ^a129 หน้า : ^bภาพประกอบ
440 ^a ^aทักษะการทำงาน ฝึกได้ตั้งแต่วัยเรียน
650 ^a ^aการจัดการบ้าน
650  0 ^aการทำความสะอาดบ้าน
700 ^a อังคณา รัตนจันทร์, ^eผู้แปล
945    ^p245^l0^i26684
945    ^p245^l0^i26685
999    ^aกัณชพร จุลอักษร
รายการนี้ยังไม่มีแท็ก
คุณยังไม่ได้ล็อกอิน คุณสามารถมีกิจกรรมร่วมกับเว็บไซต์ได้ แต่ต้องล็อกอินก่อน ::
  ล็อกอิน

รายการสื่อสารสนเทศ

ลำดับที่ ประเภท เลขเรียก/บาร์โค้ด สถานที่ สถานะ
1. หนังสือสำรอง
หนังสือสำรอง
LC94.T5 ย626ฝ ฉ.1 
  Barcode: 26684
ห้องสมุดวิทยาเขตนครสวรรค์
►หนังสือทั่วไป:l:General Books
บนชั้น
2. วิทยาศาสตร์การแพทย์ และสุขภาพ
วิทยาศาสตร์การแพทย์ และสุขภาพ
LC94.T5 ย626ฝ ฉ.2 
  Barcode: 26685
ห้องสมุดวิทยาเขตนครสวรรค์
►หนังสือทั่วไป:l:General Books
บนชั้น

รายการใกล้เคียง
    ผู้แต่ง [ยะมะซะกิ, อะกะชิ]

    หัวเรื่อง [การจัดการบ้าน]
    หัวเรื่อง [การทำความสะอาดบ้าน]

BibComment


ยังไม่เคยถูกคอมเมนท์

คอมเมนท์ทรัพยากรรายการนี้
  คอมเมนท์: ฝึกบริหารจัดการต..


 Copyright 2026. Bcnsprnw @Library